|
|
|
|
| LEADER |
01248nam a2200349 a 4500 |
| 001 |
c000171322 |
| 003 |
CARM |
| 005 |
20001204121302.0 |
| 008 |
871007s1988 nyua b 001 0 eng |
| 010 |
|
|
|a 88024633
|
| 019 |
1 |
|
|a 5523876
|z 1224
|z 23036070
|5 LACONCORD2021
|
| 020 |
|
|
|a 086656697X
|
| 020 |
|
|
|a 0866568042
|
| 035 |
|
|
|a (OCoLC)18497801
|5 LACONCORD2021
|
| 040 |
|
|
|a LC
|b eng
|c LC
|d ANL:NR
|
| 050 |
|
0 |
|a Z679.5
|b .C74 1988
|
| 050 |
0 |
0 |
|a Z679.5
|b .C74 1988
|
| 082 |
0 |
0 |
|a 022.3
|2 19
|
| 082 |
0 |
4 |
|a 022/.31
|2 21
|
| 245 |
0 |
0 |
|a Creative planning of special library facilities /
|c Ellis Mount, editor.
|
| 260 |
|
|
|a New York :
|b Haworth Press,
|c c1988.
|
| 300 |
|
|
|a 197 p. :
|b ill. ;
|c 22 cm.
|
| 490 |
1 |
|
|a Haworth series in special librarianship,
|x 0899-3424 ;
|v v. 1.
|
| 504 |
|
|
|a Includes bibliographies and index.
|
| 505 |
0 |
|
|a Includes index.
|
| 650 |
|
0 |
|a Library planning.
|
| 650 |
|
0 |
|a Special libraries.
|
| 700 |
1 |
|
|a Mount, Ellis.
|
| 830 |
|
0 |
|a Haworth series in special librarianship ;
|v v. 1.
|
| 852 |
8 |
|
|b CARM
|h A2:AN31F0
|i C06053
|p 0226561
|f BK
|
| 999 |
f |
f |
|i 94d378b9-225b-5955-bb83-2e3334b5bb71
|s 1c705384-12e6-53e1-9b6a-d01b2c200f38
|
| 952 |
f |
f |
|p Can circulate
|a CAVAL
|b CAVAL
|c CAVAL
|d CARM 1 Store
|e C06053
|f A2:AN31F0
|h Other scheme
|i book
|m 0226561
|